Statistics for Guess the anime off the bad descriptions

Click here to take the quiz!

General Stats

  • This quiz has been taken 35 times
  • The average score is 10 of 15

Answer Stats

HintAnswer% Correct
Justin beiber boy finds strange notebookDeathnote
100%
Blonde haired kid has to face the wrath of the ninja worldNaruto
100%
Monkey and his squad travel the seas to find the -One piece
100%
Kid loses family and now fights demons, sister in backpackDemon slayer
93%
Man eating giants, plot twists and red scarfAttack on titan
90%
Gay figure skatingYuri on ice
87%
Pink haired boy eats jerked fingers and goes demonicJujutsu kaisen
77%
Muscular man fights other muscular menBaki
67%
Kid with daddy issues doesn't want to get in the effing robotNeon genesis evangelion
60%
Telepathic guy has to deal with hooligansSaiki k
53%
Medieval times are hard, eclipse and rapeBerserk
50%
Guy turns emo after getting a talking handParasyte
43%
Girl who looks like boy joins a club to pay off debtOuran highschool host club
33%
Don't get on the bad side of this manipulator, germany and doctorsMonster
23%
Family passes down the J name, vampires and gaysJojo's bizarre adventures
17%

Score Distribution

Percentile by Number Answered

Percent of People with Each Score

Your Score History

You have not taken this quiz